000 00489nam a2200169Ia 4500
003 LK-CoDNM
008 010623t1933 xxu||||| |||| 00| 1 sin d
040 _aLK-CoDNM
_dLK-CoDNM
_eLK-CoDNM
041 _asin
080 _a104 B 22
100 _aSugatapala,T
_eed.
245 _aසද්ධර්මාලංකාර ගැටපද විවරණ
246 _aSaddharmalankaara Getapada Viwarana
260 _bSaddharma Prakasa
_aAlutgama
_c1933
300 _b50p, 22 cm
942 _cBK
999 _c96920
_d96920